| 000 | 00889nas a2200289 4500 | ||
|---|---|---|---|
| 001 | BR9207611 | ||
| 003 | BR-BrBNA | ||
| 005 | 20231205093024.0 | ||
| 007 | ta | ||
| 008 | 230509b bl.|||p| |||| 00| 00por d | ||
| 040 |
_aBR-BrBNA _bpor _cBiblioteca Nacional de Agricultura |
||
| 041 | _a(Pt) | ||
| 072 | _aH10 | ||
| 100 | 1 | _aNovaretti, W.R.T. | |
| 100 | 1 | _aDinardo, L.L. | |
| 100 | 1 | _aTotino, L.C. | |
| 100 | 1 | _aStrabelli, J. | |
| 245 | 1 | _aEfeito da aplicacao conjunta do fungo Paecilomyces lilacinus e do nematicida furadan 5 G no controle de nematoides em cana-de-acucar | |
| 650 | _aCANA DE ACUCAR | ||
| 650 | _aNEMATOIDE | ||
| 650 | _aNEMATICIDA | ||
| 650 | _aFUNGO | ||
| 650 | _aCONTROLE QUIMICO | ||
| 773 | 0 |
_tNematologia Brasileira (Brazil) _xISSN 0102-2997 _g(1986), v. 10 p. 133-144 _wBR9207611 |
|
| 909 |
_a202311 _bLúcia _c55 _dLúcia Elande |
||
| 942 |
_2AGRIS _n0 _cANA |
||
| 999 |
_c135695 _d135695 |
||